Statistics for Asian Cities by Map #2

Click here to take the quiz!

General Stats

  • This quiz has been taken 2,638 times
    (2,592 since last reset)
  • The average score is 24 of 40

Answers on the Map

Answers color-coded by a green-red scale on the quiz's map according to % correct below.
 

Answer Stats

City% Correct
Istanbul
96%
Abu Dhabi
91%
Baghdad
91%
Jerusalem
91%
Doha
87%
Amman
85%
Astana
85%
Colombo
85%
Tbilisi
85%
Sanaa
83%
Yerevan
83%
Hanoi
81%
Kuala Lumpur
80%
Nicosia
80%
Mecca
78%
Chennai
73%
Hong Kong
72%
Sapporo
72%
Vientiane
67%
Bishkek
66%
Xian
65%
Naypyidaw
61%
Ahmedabad
60%
Nagoya
60%
Urumqi
59%
Agra
53%
Surabaya
49%
Bandung
46%
Nanjing
42%
Jaipur
41%
Fukuoka
40%
Jeju
38%
Davao
32%
Shiraz
32%
Naha
24%
Fuzhou
23%
Siem Reap
21%
Yogyakarta
20%
Multan
18%
Basrah
17%

Score Distribution

Percentile by Number Answered

Percent of People with Each Score

Your Score History

You have not taken this quiz since the last reset